000 00780nam a22002417a 4500
003 UA-OsUOA
001 443
007 ta
008 20050601b un ||||| |||| 00| 0 ukr d
100 _aПавезе Ч.
090 _a821.131.1
_bП12
942 _cBK
040 _aUA-OsUOA
_brus
_cUA-OsUOA
_dUA-OsUOA
245 _aПрекрасное лето
_bПовести и романы. Перевод с итальянского.
300 _a486 с.
955 _a3
041 _arus
080 _a821.131.1
260 _aМ.
_bПрогресс
_c1982
246 3 1 _aПрекрасное лето. Дьявол на холмах. Товарищ. Луна и костры.
_n
650 7 _a82 Література. Літературознавство
_2UDC
999 _c286554
_d286554